Snabb Skrivning 1 till 100 - Statistics

General Stats
  • This quiz has been taken 23 times
  • The average score is 79 of 100
Answer Stats
# % Correct
1
100%
10
100%
11
100%
12
100%
13
100%
14
100%
15
100%
16
100%
17
100%
18
100%
19
100%
2
100%
20
100%
21
100%
22
100%
23
100%
24
100%
25
100%
26
100%
27
100%
28
100%
29
100%
3
100%
30
100%
31
100%
32
100%
33
100%
34
100%
35
100%
36
100%
37
100%
38
100%
39
100%
4
100%
40
100%
41
100%
42
100%
43
100%
44
100%
45
100%
46
100%
47
100%
48
100%
49
100%
5
100%
50
100%
52
100%
6
100%
7
100%
8
100%
9
100%
51
75%
53
75%
54
75%
55
75%
60
75%
63
75%
70
75%
73
75%
80
75%
81
75%
83
75%
89
75%
100
50%
56
50%
57
50%
58
50%
59
50%
61
50%
62
50%
64
50%
65
50%
66
50%
67
50%
68
50%
69
50%
71
50%
72
50%
74
50%
75
50%
76
50%
77
50%
78
50%
79
50%
82
50%
84
50%
85
50%
86
50%
87
50%
88
50%
90
50%
91
50%
92
50%
93
50%
94
50%
95
50%
96
50%
97
50%
98
50%
99
50%
No matching quizzes found
Score Distribution
Percent of People with Each Score
Percentile by Number Answered
Your Score History
You have not taken this quiz